[Event "East Lansing (MI Am/4)"]
[Site "?"]
[Date "1992.??.??"]
[Round "?"]
[White "McCarter, Robert"]
[Black "Kamberi, Sonny"]
[Result "1/2-1/2"]
[WhiteElo "1720"]
[BlackElo "1605"]
[PlyCount "142"]
[EventDate "1992.??.??"]

1. d4 e6 2. Nf3 f5 3. e3 Nf6 4. c4 Be7 5. Bd3 O-O 6. O-O d5 7. Nbd2 Nc6 8. a3
a5 9. b3 Ne4 10. Bb2 Bf6 11. Rc1 g5 12. Ne5 Nxe5 13. dxe5 Bg7 14. f3 Nc5 15.
Bb1 Nd7 16. f4 g4 17. cxd5 exd5 18. Bd3 c6 19. Qc2 Nb6 20. Bd4 Be6 21. Rb1 Rf7
22. Rfc1 Bf8 23. Bc5 Nc8 24. Bxf8 Qxf8 25. b4 Rg7 26. bxa5 Rxa5 27. a4 Ra7 28.
Nb3 Bd7 29. Nc5 b6 30. Nxd7 Rgxd7 31. Bxf5 Rdc7 32. Bxg4 Qa3 33. Qc3 Qxc3 34.
Rxc3 Rxa4 35. Be6+ Kh8 36. Bxd5 c5 37. Be6 Ra6 38. Rd3 Ne7 39. Rd7 Rxd7 40.
Bxd7 Nd5 41. e4 Nxf4 42. Rf1 Ng6 43. e6 Ra8 44. Rf7 Kg8 45. Bc6 Rc8 46. Bd5 Re8
47. Rb7 Nf4 48. Rxb6 Nd3 49. e7+ Kg7 50. Bc6 Rxe7 51. Rb7 Rxb7 52. Bxb7 c4 53.
Ba6 Nc5 54. Bxc4 Nxe4 55. Bd3 Nf6 56. Kf2 h6 57. Kf3 Ng8 58. Kf4 Nf6 59. Kf5
Ng8 60. h4 Nf6 61. Bc4 Ne8 62. Ke6 Nf6 63. Ke7 Ng4 64. Be6 Nf6 65. g4 Nh7 66.
Bf5 Nf6 67. Ke6 Ng8 68. g5 hxg5 69. hxg5 Nh6 70. Bd3 Nf7 71. g6 Nh8 1/2-1/2

[Event "Detroit (MOR/3/69)"]
[Site "?"]
[Date "1992.??.??"]
[Round "?"]
[White "McCarter, Robert"]
[Black "Golingai, P."]
[Result "1/2-1/2"]
[WhiteElo "1785"]
[BlackElo "1605"]
[PlyCount "78"]
[EventDate "1992.??.??"]

{3/(69)} 1. d4 Nf6 2. Nf3 g6 3. Bg5 Bg7 4. Nbd2 O-O 5. e3 d6 6. Be2 b6 7. O-O
Bb7 8. c4 Nbd7 9. Rc1 c5 10. d5 Re8 11. Qc2 Qc7 12. Bf4 e5 13. dxe6 Rxe6 14. h3
Ne4 15. Rfd1 Nxd2 16. Qxd2 Ne5 17. Ne1 Rd8 18. b3 Qc6 19. Bxe5 Rxe5 20. Bf3 Qc8
21. Bxb7 Qxb7 22. Nf3 Rf5 23. Qe2 Qc8 24. e4 Rf6 25. Rd5 Re6 26. Rcd1 f5 27.
Ng5 Ree8 28. Rxd6 Rxd6 29. Rxd6 fxe4 30. Nxe4 Qf5 31. f3 Kf8 32. Qd2 Bd4+ 33.
Kf1 Rxe4 34. Qh6+ Ke7 35. Rd5 Qf7 36. Qg5+ Bf6 37. Qg3 Re3 38. Qd6+ Ke8 39.
Qb8+ Ke7 1/2-1/2

[Event "Ann Arbor (Holiday Op)"]
[Site "?"]
[Date "1992.??.??"]
[Round "?"]
[White "McCarter, Robert"]
[Black "Collins, L."]
[Result "1-0"]
[WhiteElo "1700"]
[BlackElo "1605"]
[PlyCount "59"]
[EventDate "1992.??.??"]

1. d4 d5 2. Nf3 Nf6 3. e3 e6 4. Bd3 Bd7 5. Nbd2 c5 6. c3 c4 7. Bc2 b5 8. e4
dxe4 9. Nxe4 Na6 10. Nxf6+ Qxf6 11. Bg5 Qxg5 12. Nxg5 Be7 13. Nf3 Bf6 14. O-O
h6 15. Qe2 Nc7 16. Ne5 Bc8 17. Be4 Rb8 18. Bc6+ Ke7 19. Rae1 Bb7 20. Bxb7 Rxb7
21. f4 Rc8 22. Ng4 Nd5 23. Nxf6 Nxf6 24. f5 Rc6 25. fxe6 Rxe6 26. Qf3 Rd7 27.
Rxe6+ fxe6 28. Re1 Rd6 29. Qb7+ Rd7 30. Qxb5 1-0

[Event "Ann Arbor (Holiday Op)"]
[Site "?"]
[Date "1992.??.??"]
[Round "?"]
[White "McCarter, Robert"]
[Black "Collins, J."]
[Result "0-1"]
[WhiteElo "1700"]
[BlackElo "1605"]
[PlyCount "87"]
[EventDate "1992.??.??"]

1. d4 c6 2. Nf3 d5 3. Bf4 h6 4. e3 g5 5. Bg3 Bg7 6. Bd3 Bg4 7. h3 Bh5 8. Nbd2
Nf6 9. c3 O-O 10. Qb3 b5 11. O-O-O a5 12. Rde1 a4 13. Qc2 Nbd7 14. e4 dxe4 15.
Nxe4 Bxf3 16. gxf3 Nxe4 17. fxe4 e5 18. d5 cxd5 19. exd5 Nc5 20. Bxb5 Qxd5 21.
Kb1 Ra5 22. Rd1 Qe4 23. Bd3 Nxd3 24. Qxd3 Qxd3+ 25. Rxd3 e4 26. Re3 f5 27. Bd6
Rc8 28. Bb4 Rb5 29. Rd1 Rc4 30. Rd8+ Kh7 31. Rd7 Kg6 32. Ra7 f4 33. Re2 f3 34.
Re3 Rd5 35. Kc2 h5 36. Rxa4 g4 37. Ra6+ Kf5 38. hxg4+ hxg4 39. Ra7 Kg6 40. Kb3
Rc6 41. Rxe4 Kf5 42. Ree7 Bf6 43. Rf7 Rd2 44. Be7 0-1

[Event "Detroit (MOR/1a/34)"]
[Site "?"]
[Date "1992.??.??"]
[Round "?"]
[White "McCarter, Robert"]
[Black "Baker, T."]
[Result "1-0"]
[WhiteElo "1785"]
[BlackElo "1605"]
[PlyCount "99"]
[EventDate "1992.??.??"]

1. d4 Nf6 2. Nf3 e6 3. e3 Be7 4. Bd3 O-O 5. O-O b6 6. Qe2 d5 7. Nbd2 c5 8. c3
Bb7 9. dxc5 Bxc5 10. e4 Nc6 11. e5 Nd7 12. Re1 Qc7 13. Nf1 Rfd8 14. Bf4 Nf8 15.
Rad1 Rac8 16. Bg3 g6 17. Ne3 Nd7 18. Ng4 Bf8 19. Qd2 Re8 20. Nh6+ Kg7 21. Qf4
Nd8 22. Bh4 Be7 23. Bxe7 Rxe7 24. Ng4 f5 25. exf6+ Kf8 26. fxe7+ Kxe7 27. Qxc7
Rxc7 28. Nd4 Nf8 29. Ne5 a6 30. Re3 Bc8 31. Rde1 Kd6 32. Rf3 Ke7 33. Ng4 Nd7
34. Rfe3 Nf8 35. f4 Kf7 36. Ne5+ Kf6 37. g4 Ke7 38. f5 Kf6 39. fxg6 hxg6 40.
Rf1+ Ke7 41. Nxg6+ Nxg6 42. Bxg6 Kd6 43. h4 Rg7 44. h5 b5 45. Rf8 Nb7 46. Rxc8
Kd7 47. Rc6 Na5 48. Rxa6 Nc4 49. Rexe6 Kc7 50. Ra7+ 1-0

[Event "Detroit (MI Op/7/13)"]
[Site "?"]
[Date "1992.??.??"]
[Round "?"]
[White "Mazuchowski, Tom"]
[Black "Yahkind, Alex"]
[Result "1/2-1/2"]
[WhiteElo "2140"]
[BlackElo "2015"]
[PlyCount "86"]
[EventDate "1992.??.??"]

{7/(13)} 1. e4 c5 2. Nf3 e6 3. d3 d5 4. Nbd2 Nc6 5. g3 Nf6 6. Bg2 Be7 7. O-O
O-O 8. e5 Nd7 9. Re1 Qc7 10. Qe2 b5 11. c3 a5 12. Nf1 Ba6 13. Bf4 c4 14. d4 b4
15. Ne3 Qd8 16. h4 f5 17. exf6 Rxf6 18. Ng5 Nf8 19. Qh5 Bb7 20. Nxe6 Nxe6 21.
Bxd5 Kh8 22. Bxe6 Rxe6 23. d5 Rg6 24. dxc6 Bxc6 25. Rad1 Qf8 26. Nf5 Bg5 27.
hxg5 Qxf5 28. f3 Rh6 29. Qg4 Qxg4 30. fxg4 Rh1+ 31. Kf2 Rh2+ 32. Ke3 Rxb2 33.
cxb4 axb4 34. Kd4 Bf3 35. Rb1 c3 36. a3 Rxb1 37. Rxb1 bxa3 38. Kxc3 a2 39. Ra1
Bxg4 40. Kb2 Be6 41. Re1 Kg8 42. Ka1 Kf7 43. Be5 Ra6 1/2-1/2

[Event "Flint (MEX/2)"]
[Site "?"]
[Date "1992.??.??"]
[Round "?"]
[White "Mazuchowski, Tom"]
[Black "Tsemekhman, Vadim"]
[Result "0-1"]
[WhiteElo "2145"]
[BlackElo "2440"]
[PlyCount "62"]
[EventDate "1992.??.??"]

1. e4 e6 2. d4 d5 3. exd5 exd5 4. Bd3 c5 5. Nf3 Nf6 6. O-O c4 7. Re1+ Be7 8.
Bf1 O-O 9. Nc3 Nc6 10. b3 Bb4 11. Bd2 Bg4 12. Ne2 Bxf3 13. gxf3 Bxd2 14. Qxd2
Qd6 15. Ng3 g6 16. c3 b5 17. Qg5 Kh8 18. Nf5 gxf5 19. Kh1 Rg8 20. Qxf5 Rg6 21.
Re5 Nxe5 22. dxe5 Qd7 23. Qf4 Rag8 24. Bg2 Nh5 25. Qd4 Ng7 26. f4 Ne6 27. Qxd5
Qxd5 28. Bxd5 Rd8 29. bxc4 Nxf4 30. Bxf7 Rg7 31. e6 Nh3 0-1

[Event "Detroit (MI Op/1a/16)"]
[Site "?"]
[Date "1992.??.??"]
[Round "?"]
[White "Mazuchowski, Tom"]
[Black "Roberts, Kenneth"]
[Result "1-0"]
[WhiteElo "2140"]
[BlackElo "1855"]
[PlyCount "39"]
[EventDate "1992.??.??"]

1. e4 e6 2. d4 d5 3. Nc3 Nf6 4. e5 Nfd7 5. f4 c5 6. dxc5 Nc6 7. Bd3 Nxc5 8. Nf3
Be7 9. O-O O-O 10. Kh1 f5 11. exf6 Bxf6 12. Bd2 e5 13. fxe5 Bxe5 14. Nxe5 Rxf1+
15. Bxf1 Nxe5 16. Be3 Ng4 17. Bxc5 Qh4 18. Qxd5+ Kh8 19. Bg1 Nf2+ 20. Bxf2 1-0

[Event "Flint (MEX/1)"]
[Site "?"]
[Date "1992.??.??"]
[Round "?"]
[White "Mazuchowski, Tom"]
[Black "Murray, David"]
[Result "1-0"]
[WhiteElo "2145"]
[BlackElo "2015"]
[PlyCount "39"]
[EventDate "1992.??.??"]

1. e4 c5 2. Nf3 d6 3. d4 cxd4 4. Nxd4 Nf6 5. Nc3 a6 6. Bc4 e6 7. Bb3 b5 8. f3
Bb7 9. g4 Be7 10. Be3 d5 11. g5 b4 12. gxf6 Bxf6 13. Nce2 Bh4+ 14. Ng3 dxe4 15.
f4 a5 16. Ba4+ Nd7 17. Qg4 O-O 18. O-O-O f5 19. Ndxf5 exf5 20. Nxf5 1-0

[Event "Detroit (MI Op/3/13)"]
[Site "?"]
[Date "1992.??.??"]
[Round "?"]
[White "Mazuchowski, Tom"]
[Black "Levadi, David"]
[Result "1/2-1/2"]
[WhiteElo "2140"]
[BlackElo "1975"]
[PlyCount "57"]
[EventDate "1992.??.??"]

{3/(13)} 1. e4 Nc6 2. Nc3 Nf6 3. f4 d5 4. e5 d4 5. exf6 dxc3 6. fxg7 cxd2+ 7.
Bxd2 Bxg7 8. c3 Bf5 9. Qb3 O-O 10. O-O-O Qc8 11. Nf3 a6 12. Nh4 Bg4 13. Re1 Qd7
14. h3 Be6 15. Qc2 Bf6 16. Nf3 Rfd8 17. g4 Bxa2 18. b3 Qd5 19. Qxa2 Qxf3 20.
Bc4 Bxc3 21. Bxc3 Qxc3+ 22. Kb1 Rd2 23. Qa3 Qc2+ 24. Ka1 Rad8 25. Rc1 Rd1 26.
Qb2 Qxc1+ 27. Qxc1 Rxc1+ 28. Rxc1 Rd2 29. Kb1 1/2-1/2

[Event "Detroit (MI Op/5/21)"]
[Site "?"]
[Date "1992.??.??"]
[Round "?"]
[White "Mazuchowski, Tom"]
[Black "Forte, Joe"]
[Result "1-0"]
[WhiteElo "2140"]
[BlackElo "1940"]
[PlyCount "57"]
[EventDate "1992.??.??"]

{5/(21)} 1. e4 c5 2. Nf3 Nc6 3. d4 cxd4 4. Nxd4 g6 5. Nc3 Bg7 6. Be3 Nf6 7. Bc4
d6 8. h3 O-O 9. O-O Nd7 10. Re1 Nc5 11. Qd2 a6 12. Rad1 Ne5 13. Be2 Ne6 14. f4
Nxd4 15. Bxd4 Nc6 16. Be3 Qa5 17. Bc4 e5 18. Qxd6 exf4 19. Qxf4 Be6 20. Nd5
Bxd5 21. Bxd5 Bxb2 22. Qf2 Qc7 23. Rf1 Rac8 24. Bh6 Ne5 25. c4 Bc3 26. Qg3 Bb4
27. Kh1 Rfd8 28. Bf4 Bd6 29. c5 1-0

[Event "Flint (Class C/5)"]
[Site "?"]
[Date "1992.??.??"]
[Round "?"]
[White "Maul, Tim"]
[Black "Nicolli, Randy"]
[Result "0-1"]
[WhiteElo "1605"]
[BlackElo "1605"]
[PlyCount "54"]
[EventDate "1992.??.??"]

1. e4 c5 2. Nf3 b6 3. d4 Bb7 4. d5 d6 5. Bb5+ Nd7 6. O-O g6 7. e5 a6 8. Bxd7+
Qxd7 9. c4 Bg7 10. Re1 Nh6 11. Nc3 O-O 12. e6 fxe6 13. dxe6 Qe8 14. Nd5 Bxd5
15. cxd5 Nf5 16. Ng5 Nh6 17. Rb1 Rf5 18. g4 Re5 19. Rxe5 Bxe5 20. f4 Bd4+ 21.
Kh1 Qf8 22. b4 Qf6 23. Nxh7 Kxh7 24. g5 Qf5 25. Rb3 Qe4+ 26. Rf3 Nf5 27. Qd3
Qxd5 0-1

[Event "Flint (Class C/1)"]
[Site "?"]
[Date "1992.??.??"]
[Round "?"]
[White "Maul, Tim"]
[Black "Hill, M."]
[Result "1-0"]
[WhiteElo "1605"]
[BlackElo "1605"]
[PlyCount "55"]
[EventDate "1992.??.??"]

1. Nf3 d5 2. c4 d4 3. d3 c5 4. g3 g6 5. Bg2 Bg7 6. Nbd2 Nc6 7. Rb1 Qc7 8. a3 a5
9. Ne4 a4 10. O-O b6 11. b3 axb3 12. Qxb3 Rb8 13. e3 e5 14. exd4 exd4 15. Re1
Nge7 16. Neg5 O-O 17. Bf4 Ne5 18. Nxe5 Bxe5 19. Bxe5 Qa7 20. Bxb8 Qxb8 21. Rxe7
Bf5 22. Rb7 Qd8 23. Ne4 Re8 24. Qxb6 Qxb6 25. R1xb6 Re5 26. a4 Bd7 27. Nf6+ Kg7
28. Nxd7 1-0

[Event "Flint (Class C/3)"]
[Site "?"]
[Date "1992.??.??"]
[Round "?"]
[White "Maul, Tim"]
[Black "Cooper, Willie"]
[Result "0-1"]
[WhiteElo "1605"]
[BlackElo "1605"]
[PlyCount "70"]
[EventDate "1992.??.??"]

1. e4 e5 2. Nf3 d6 3. d4 Bg4 4. dxe5 Bxf3 5. Qxf3 dxe5 6. Bc4 Nf6 7. Be3 Be7 8.
O-O O-O 9. Rd1 Nbd7 10. Nc3 c6 11. Qg3 Qc7 12. Bh6 Nh5 13. Qg4 Ndf6 14. Qg5 Kh8
15. g4 gxh6 16. Qxh6 Nf4 17. g5 Ng8 18. Qh4 b5 19. Bf1 f6 20. Ne2 fxg5 21. Qg4
Nf6 22. Qg3 Nxe4 23. Qe3 Nxe2+ 24. Bxe2 Rf4 25. Bd3 Bc5 26. Qh3 Bxf2+ 27. Kh1
Rh4 28. Qe6 Nc5 29. Qf6+ Qg7 30. Qxf2 Nxd3 31. Rxd3 Rf8 32. Qg3 e4 33. Re3 Rff4
34. Rd1 Qf6 35. Kg2 Rhg4 0-1

[Event "Detroit (MI Op/7/17)"]
[Site "?"]
[Date "1992.??.??"]
[Round "?"]
[White "Martin, K."]
[Black "Potter, George"]
[Result "1-0"]
[WhiteElo "2055"]
[BlackElo "1815"]
[PlyCount "99"]
[EventDate "1992.??.??"]

{7/(17)} 1. e4 e5 2. Nf3 Nc6 3. d4 exd4 4. Nxd4 d6 5. Nxc6 bxc6 6. Bc4 Nf6 7.
Bg5 Be7 8. f3 O-O 9. O-O Be6 10. Bb3 Rb8 11. Nc3 c5 12. Bxe6 fxe6 13. b3 c6 14.
e5 dxe5 15. Bxf6 gxf6 16. Qxd8 Rfxd8 17. Rad1 Rd4 18. Ne2 Rdd8 19. c4 Kf7 20.
Kf2 Kg6 21. Ke3 f5 22. Nc3 Bg5+ 23. Kf2 Rd4 24. Ne2 Rdd8 25. Nc3 Bd2 26. Na4
Bb4 27. Nb2 Bc3 28. Nd3 Bd4+ 29. Ke2 Rg8 30. f4 Kf6 31. fxe5+ Bxe5 32. Nxc5
Rxg2+ 33. Kf3 Rg7 34. Nd7+ Rxd7 35. Rxd7 Bxh2 36. Rh1 Be5 37. Rh6+ Kg5 38. Rxe6
Bc3 39. Rxh7 Bd4 40. Rh2 c5 41. Rg2+ Kh5 42. Re1 Bf6 43. Rh1+ Bh4 44. Rgh2 Ra8
45. Rxh4+ Kg5 46. Rh5+ Kf6 47. Rh6+ Kg7 48. Kf4 Rf8 49. Rh7+ Kg6 50. R1h6# 1-0

[Event "Detroit (MI Op/3/25)"]
[Site "?"]
[Date "1992.??.??"]
[Round "?"]
[White "Martin, K."]
[Black "Manion, Tom"]
[Result "1-0"]
[WhiteElo "2055"]
[BlackElo "1875"]
[PlyCount "41"]
[EventDate "1992.??.??"]

{3/(25)} 1. e4 e5 2. Nf3 Nf6 3. Nxe5 d6 4. Nxf7 Kxf7 5. d4 g6 6. Nc3 Bg7 7.
Bc4+ Ke7 8. f4 Re8 9. e5 Kf8 10. O-O Ng4 11. f5 gxf5 12. Qxg4 dxe5 13. Nd5 Nc6
14. Rxf5+ Bxf5 15. Qxf5+ Bf6 16. Bh6+ Kf7 17. Nxf6+ Re6 18. Qxe6+ Kg6 19. Ne4+
Qf6 20. Qxf6+ Kh5 21. Be2# 1-0

[Event "Detroit (MI Op/4/10)"]
[Site "?"]
[Date "1992.??.??"]
[Round "?"]
[White "Martin, K."]
[Black "Basin, Leonid"]
[Result "0-1"]
[WhiteElo "2055"]
[BlackElo "2470"]
[PlyCount "118"]
[EventDate "1992.??.??"]

{4/(10)} 1. e4 c5 2. Nf3 Nc6 3. Bb5 d6 4. O-O Bd7 5. c3 Nf6 6. Re1 a6 7. Bxc6
Bxc6 8. d4 Bxe4 9. Bg5 cxd4 10. Bxf6 Bxf3 11. Qxf3 gxf6 12. Qxf6 Rg8 13. Qxd4
Qd7 14. Nd2 Qc6 15. Qe4 Qxe4 16. Rxe4 e6 17. Rb4 O-O-O 18. Rh4 Rg7 19. c4 Be7
20. Rh3 Rdg8 21. Rg3 Rxg3 22. hxg3 Rg4 23. b3 h5 24. Kf1 h4 25. gxh4 Bxh4 26.
Nf3 Bf6 27. Rd1 Kc7 28. g3 b5 29. cxb5 axb5 30. Rc1+ Kd7 31. Rc2 Bd8 32. Rd2
Bf6 33. Rc2 Bg7 34. Ke2 f5 35. a3 Bf6 36. Ra2 Kc6 37. Rc2+ Kb7 38. Rd2 d5 39.
Rc2 Be7 40. Kd3 Bf6 41. Re2 Re4 42. Rc2 b4 43. a4 Bc3 44. Re2 Kc6 45. Ng5 Rd4+
46. Kc2 e5 47. Nf3 Re4 48. Rxe4 dxe4 49. Nh4 f4 50. gxf4 exf4 51. Ng2 f3 52.
Ne3 Kc5 53. Nd1 Be1 54. Kc1 Kd4 55. Kc2 Bxf2 56. Nxf2 e3 57. Ng4 f2 58. Nh2 e2
59. Nf3+ Ke3 0-1

[Event "Detroit (Pan Am/3)"]
[Site "?"]
[Date "1992.??.??"]
[Round "?"]
[White "Marinelli, Philip"]
[Black "Metzelaar, J."]
[Result "1/2-1/2"]
[WhiteElo "1920"]
[BlackElo "1730"]
[PlyCount "74"]
[EventDate "1992.??.??"]

1. d4 Nf6 2. Nf3 d5 3. Bg5 e6 4. Nbd2 c5 5. e3 Nc6 6. c3 Bd7 7. Bd3 c4 8. Bc2
Bd6 9. Rc1 b5 10. O-O O-O 11. Bb1 h6 12. Bxf6 Qxf6 13. e4 Bf4 14. e5 Qe7 15. g3
Bxd2 16. Qxd2 f5 17. exf6 Rxf6 18. Qe2 Qf7 19. Ne5 Nxe5 20. Qxe5 Rf3 21. Rce1
Rf8 22. Re2 b4 23. cxb4 c3 24. Rfe1 Rxf2 25. Rxf2 Qxf2+ 26. Kh1 c2 27. Bxc2
Qxc2 28. Qe2 Rf2 29. Qh5 Qxb2 30. g4 Qxa2 31. g5 hxg5 32. Rc1 Rc2 33. Rf1 Rf2
34. Rc1 Rf7 35. Qxg5 Rf6 36. Rg1 Rf7 37. Qd8+ Kh7 1/2-1/2

[Event "Detroit (Pan Am/2)"]
[Site "?"]
[Date "1992.??.??"]
[Round "?"]
[White "Marinelli, Philip"]
[Black "Jointer, William"]
[Result "0-1"]
[WhiteElo "1920"]
[BlackElo "1700"]
[PlyCount "70"]
[EventDate "1992.??.??"]

1. d4 Nf6 2. Nf3 g6 3. Bg5 Bg7 4. Nbd2 O-O 5. e3 b6 6. Be2 Bb7 7. O-O c5 8. c3
Na6 9. Rc1 Nc7 10. h4 Ne6 11. Bxf6 Bxf6 12. Bd3 d5 13. g3 h6 14. Bb1 Ng7 15. h5
Nxh5 16. g4 Ng7 17. Kg2 Bc8 18. Nh2 Qd6 19. f4 Qe6 20. Qf3 Ba6 21. Rh1 Bc8 22.
Rce1 Bh4 23. Ref1 Ba6 24. Rfg1 f5 25. Qh3 g5 26. Ndf1 Be2 27. Nf3 fxg4 28. Nxh4
gxh3+ 29. Rxh3 gxh4 30. Rxh4 Bxf1+ 31. Rxf1 Qxe3 32. Rf3 Qe1 33. Rh1 Qe2+ 34.
Kg3 Rf6 35. Rh4 Qe1+ 0-1

[Event "Detroit (MI Op/6/37)"]
[Site "?"]
[Date "1992.??.??"]
[Round "?"]
[White "Marinelli, Philip"]
[Black "Grams, Paul"]
[Result "1/2-1/2"]
[WhiteElo "1725"]
[BlackElo "1890"]
[PlyCount "65"]
[EventDate "1992.??.??"]

{6/(37)} 1. e4 c5 2. Nc3 Nc6 3. g3 d6 4. Bg2 Nf6 5. Nf3 Bg4 6. h3 Bd7 7. O-O e5
8. d3 Be7 9. Ne2 O-O 10. Kh2 h6 11. c3 Rc8 12. Nfg1 Be6 13. f4 d5 14. f5 dxe4
15. fxe6 exd3 16. exf7+ Rxf7 17. Nf3 dxe2 18. Qxe2 Bd6 19. Be3 Qc7 20. Nh4 Re8
21. Bh1 e4 22. Bf4 Ne5 23. Nf5 Rd7 24. Rad1 Nf3+ 25. Bxf3 Bxf4 26. Rxd7 Qxd7
27. Bh5 Nxh5 28. Qxh5 Bg5 29. Nd6 Re7 30. Rd1 Qe6 31. Qe2 Rd7 32. h4 Bf6 33.
Nxe4 1/2-1/2

[Event "Detroit (MI Op/2/26)"]
[Site "?"]
[Date "1992.??.??"]
[Round "?"]
[White "Marinelli, Philip"]
[Black "Golonka, Stan"]
[Result "1/2-1/2"]
[WhiteElo "1725"]
[BlackElo "2025"]
[PlyCount "101"]
[EventDate "1992.??.??"]

{2/(26)} 1. e4 c5 2. Nf3 Nc6 3. g3 e5 4. Bg2 g6 5. O-O Bg7 6. d3 Nge7 7. c3 O-O
8. Be3 d6 9. d4 Qb6 10. dxc5 Qxb2 11. Nbd2 dxc5 12. Bxc5 Qxc3 13. Rc1 Qd3 14.
Re1 Rd8 15. Bf1 Qd7 16. Qa4 Nd4 17. Qxd7 Nxf3+ 18. Nxf3 Rxd7 19. Bh3 Rc7 20.
Bxe7 Rxc1 21. Rxc1 Bxh3 22. Ba3 Rc8 23. Rd1 Bg4 24. Rd3 Bxf3 25. Rxf3 Bf8 26.
Bb2 f6 27. Rxf6 Rc2 28. Bxe5 Bg7 29. Re6 Kf7 30. Rd6 Bxe5 31. Rd7+ Kg8 32. f4
Bc7 33. e5 Bb6+ 34. Kh1 Rc7 35. Rd1 Kf7 36. Kg2 Rc2+ 37. Kh3 Bg1 38. Rxg1 Rxa2
39. Rd1 Ke7 40. Rc1 Rd2 41. Kg4 b5 42. Rc5 a6 43. Rc6 a5 44. Rc5 Rb2 45. Rc7+
Ke6 46. Rc6+ Kd7 47. Ra6 a4 48. Kg5 Kc7 49. Kf6 Kb7 50. Ra5 Kb6 51. Ra8 1/2-1/2

[Event "Detroit (Pan Am/6)"]
[Site "?"]
[Date "1992.??.??"]
[Round "?"]
[White "Marinelli, Philip"]
[Black "Davy, Erez"]
[Result "0-1"]
[WhiteElo "1920"]
[BlackElo "1740"]
[PlyCount "152"]
[EventDate "1992.??.??"]

1. d4 d5 2. f4 Nf6 3. Nf3 Bf5 4. e3 Nbd7 5. Nbd2 e6 6. Be2 c5 7. c3 c4 8. O-O
h6 9. Ne5 Qc7 10. Ndf3 Nxe5 11. fxe5 Ne4 12. Nh4 Bg6 13. Nxg6 fxg6 14. Bf3 Ng5
15. Bg4 h5 16. Be2 Be7 17. Qc2 O-O-O 18. Qxg6 Qd7 19. Bd2 Ne4 20. Rad1 Rh6 21.
Qxg7 Rhh8 22. Qf7 Rdf8 23. Qg7 Rfg8 24. Qf7 Ng5 25. Qxg8+ Rxg8 26. Bxh5 Rh8 27.
Bg4 Rf8 28. Rf4 Rxf4 29. exf4 Ne4 30. Be3 Bf8 31. Rf1 Bh6 32. Bc1 Qe7 33. Rf3
Kb8 34. Rh3 Bg7 35. f5 exf5 36. Bxf5 Qf7 37. Rf3 Qh5 38. g4 Qh4 39. Bf4 Ng5 40.
e6+ Ka8 41. Rf1 Nh3+ 42. Kg2 Nxf4+ 43. Rxf4 Bf6 44. Rf3 a6 45. Rh3 Qg5 46. Rf3
Qd2+ 47. Rf2 Qg5 48. h3 Be7 49. Bh7 Ka7 50. Rf7 Bd6 51. Rf5 Qh4 52. Rh5 Qg3+
53. Kf1 Qf3+ 54. Kg1 Qd1+ 55. Kf2 Qd2+ 56. Kf1 Qc1+ 57. Kf2 Qxb2+ 58. Kf1 Qa1+
59. Kf2 Qxa2+ 60. Kf3 Qb1 61. Rxd5 Qh1+ 62. Ke3 Qxd5 63. Bf5 Qa5 64. Ke4 Qxc3
65. Kd5 Be7 66. h4 Bxh4 67. Be4 b5 68. g5 Bxg5 69. Ke5 b4 70. Kf5 Bd8 71. d5
Qf6+ 72. Kg4 b3 73. Bf5 Qe7 74. Kf4 c3 75. Ke3 Qc5+ 76. Ke4 c2 0-1

[Event "Detroit (MI Op/7/36)"]
[Site "?"]
[Date "1992.??.??"]
[Round "?"]
[White "Marinelli, Philip"]
[Black "Burwell, Raymond"]
[Result "1-0"]
[WhiteElo "1725"]
[BlackElo "1855"]
[PlyCount "95"]
[EventDate "1992.??.??"]

{7/(36)} 1. e4 e5 2. Nf3 Nf6 3. Nc3 Nc6 4. g3 Bb4 5. d3 d5 6. exd5 Nxd5 7. Bd2
Bg4 8. Bg2 Nxc3 9. bxc3 Ba5 10. h3 Bh5 11. O-O Qf6 12. g4 Bg6 13. Rb1 Bb6 14.
Bg5 Qd6 15. Bh4 h5 16. g5 f6 17. Bg3 Qa3 18. Nh4 Bf7 19. gxf6 gxf6 20. c4 O-O-O
21. Qf3 Rh6 22. Kh2 Be6 23. Nf5 Rhh8 24. Ng7 Qe7 25. Nf5 Qd7 26. Nh4 Qe7 27.
Ng6 Qf7 28. Nxh8 Rxh8 29. Bh4 f5 30. c5 e4 31. dxe4 Bxc5 32. exf5 Qxf5 33. Qxf5
Bxf5 34. Rb3 Bd6+ 35. Bg3 Bxg3+ 36. fxg3 Bxc2 37. Rc3 Ba4 38. Rf7 Rd8 39. Rf2
Nd4 40. h4 c6 41. Rc5 Bd1 42. Rg5 Kc7 43. Rg7+ Kb6 44. Rb2+ Ka6 45. Rgxb7 Bf3
46. R7b4 Rd5 47. Ra4+ Ra5 48. Rxd4 1-0

[Event "Detroit (MI Op/3/33)"]
[Site "?"]
[Date "1992.??.??"]
[Round "?"]
[White "Marinelli, Philip"]
[Black "Aldrich, Jeff"]
[Result "1/2-1/2"]
[WhiteElo "1725"]
[BlackElo "1950"]
[PlyCount "152"]
[EventDate "1992.??.??"]

{3/(33)} 1. e4 c6 2. Nf3 d5 3. exd5 cxd5 4. d3 Nc6 5. g3 Bg4 6. h3 Bh5 7. Bg2
Nf6 8. O-O e6 9. Nc3 Bc5 10. g4 Bg6 11. Bf4 h5 12. g5 Nd7 13. h4 a6 14. a3 Nb6
15. Rb1 Bf5 16. Qd2 Bd6 17. Rfe1 Qc7 18. Be3 Bg4 19. Bxb6 Qxb6 20. Nxd5 Qd8 21.
b4 O-O 22. Nc3 Ne7 23. Ne5 Qc7 24. Nxg4 hxg4 25. Ne4 Bh2+ 26. Kh1 Nf5 27. Qe2
Qf4 28. Rf1 Nxh4 29. Qe3 Nxg2 30. Kxg2 Rac8 31. c4 Rfd8 32. Rbd1 Kf8 33. Rh1
Qxe3 34. fxe3 Bb8 35. Nf2 g3 36. Ne4 b5 37. c5 Ke7 38. Nxg3 Rd5 39. Ne4 Rcd8
40. d4 Rf5 41. Rdf1 Rxf1 42. Rxf1 Rh8 43. Rh1 Rxh1 44. Kxh1 f5 45. gxf6+ gxf6
46. Kg2 f5 47. Nc3 Kd7 48. Kf3 Bc7 49. e4 fxe4+ 50. Kxe4 Bg3 51. d5 exd5+ 52.
Kxd5 Bf4 53. a4 bxa4 54. Nxa4 Bd2 55. Kc4 Kc6 56. Nb2 Bf4 57. Nd3 Bg3 58. Nb2
Bf4 59. Na4 Be5 60. Nb6 Bc7 61. Nd5 Bd8 62. Nf4 Bc7 63. Nd5 Bd8 64. Nc3 Bf6 65.
b5+ axb5+ 66. Nxb5 Be5 67. Na7+ Kb7 68. Kd5 Bg3 69. Nb5 Bf2 70. c6+ Kc8 71. Ke6
Bb6 72. Kf7 Ba5 73. Ke8 Bb6 74. Ke7 Bc5+ 75. Ke6 Bb6 76. Kd6 Ba5 1/2-1/2

[Event "Flint (Beg/2)"]
[Site "?"]
[Date "1992.??.??"]
[Round "?"]
[White "Maralason, D."]
[Black "Turner, Alan"]
[Result "1-0"]
[WhiteElo "1605"]
[BlackElo "1605"]
[PlyCount "63"]
[EventDate "1992.??.??"]

1. e4 e5 2. Nf3 Nc6 3. d4 exd4 4. Nxd4 d5 5. Nxc6 bxc6 6. e5 Nh6 7. Be2 Bg4 8.
Bxh6 Bb4+ 9. Bd2 Bxd2+ 10. Nxd2 O-O 11. Bxg4 Qe8 12. Nf3 c5 13. Qxd5 Rd8 14.
Qxc5 h5 15. Bxh5 Qe6 16. Nd4 Qh6 17. Bg4 Rd7 18. Bxd7 Qg6 19. O-O f6 20. Be6+
Rf7 21. Qxc7 fxe5 22. Bxf7+ Qxf7 23. Qxe5 a6 24. Qe6 Qxe6 25. Nxe6 Kf7 26. Rfe1
a5 27. Rad1 Ke7 28. Nd8+ Kf8 29. Rd4 g5 30. Nc6 a4 31. Re7 g4 32. Rd8# 1-0

[Event "Flint (Beg/5)"]
[Site "?"]
[Date "1992.??.??"]
[Round "?"]
[White "Maralason, D."]
[Black "Miller, Jess"]
[Result "0-1"]
[WhiteElo "1605"]
[BlackElo "1605"]
[PlyCount "74"]
[EventDate "1992.??.??"]

1. e4 e6 2. d4 d5 3. e5 c5 4. c3 Ne7 5. Bg5 h6 6. Bh4 Qb6 7. b3 Nf5 8. Nf3 Nc6
9. Bd3 Nxh4 10. Nxh4 cxd4 11. O-O dxc3 12. Nf3 d4 13. Qc2 Bd7 14. a3 O-O-O 15.
Rd1 Bc5 16. Be4 f6 17. b4 Be7 18. Qd3 fxe5 19. b5 Na5 20. a4 Qc7 21. Na3 Bxa3
22. Rxa3 b6 23. Ra2 Kb8 24. Re1 Qc4 25. Qc2 Qc7 26. Bg6 Rhf8 27. Nxe5 Rf4 28.
Nd3 Rg4 29. Nb4 Kc8 30. Re4 Rxg6 31. Na6 Qb7 32. f3 Qd5 33. Nb4 Qd6 34. Nd3 Rg5
35. f4 Rf5 36. g3 g5 37. Ne5 gxf4 0-1

[Event "Flint (Beg/3)"]
[Site "?"]
[Date "1992.??.??"]
[Round "?"]
[White "Maralason, D."]
[Black "Juska, K."]
[Result "0-1"]
[WhiteElo "1605"]
[BlackElo "1605"]
[PlyCount "156"]
[EventDate "1992.??.??"]

1. e4 e5 2. Nf3 Nc6 3. d4 exd4 4. Nxd4 Nxd4 5. Qxd4 Qe7 6. a3 Qc5 7. c3 Qxd4 8.
cxd4 d6 9. Bb5+ c6 10. Ba4 g6 11. Nc3 Bd7 12. O-O Bh6 13. Be3 Bxe3 14. fxe3 Nh6
15. d5 O-O 16. h3 Kg7 17. Bd1 Rae8 18. Bc2 f5 19. Rad1 Rf6 20. Rde1 Nf7 21. Rf2
Rf8 22. exf5 Bxf5 23. e4 Bd7 24. Rxf6 Kxf6 25. e5+ dxe5 26. Ne4+ Kg7 27. Nc5
Bc8 28. d6 Nxd6 29. Rxe5 Re8 30. Rg5 Re2 31. Bd3 Rxb2 32. Re5 Bf5 33. Be2 Ra2
34. g4 Bc8 35. Bd3 Rxa3 36. Re7+ Kg8 37. Bc4+ Nxc4 38. Re8+ Kg7 39. Rxc8 Rxh3
40. Kg2 Rh4 41. Kg3 Rh1 42. Ne6+ Kf6 43. Re8 Re1 44. g5+ Kf7 45. Rf8+ Ke7 46.
Rf4 Kxe6 47. Rxc4 Rg1+ 48. Kf4 Rf1+ 49. Ke3 Re1+ 50. Kf2 Re5 51. Rg4 c5 52. Kf3
Kd5 53. Rg1 b5 54. Rd1+ Kc6 55. Kf4 Rd5 56. Re1 Kd6 57. Rh1 Rd4+ 58. Ke3 Rd5
59. Kf4 Kc6 60. Rxh7 Rd7 61. Rh8 c4 62. Rg8 Rd6 63. Rg7 a6 64. Ra7 Kd5 65. Ke3
Kc5 66. Rf7 Rd5 67. Kf4 c3 68. Rc7+ Kd4 69. Rc6 a5 70. Rxg6 c2 71. Rc6 Kd3 72.
g6 Kd2 73. g7 Rd8 74. Kf5 c1=Q 75. Rxc1 Kxc1 76. Kf6 Rg8 77. Kf7 Rxg7+ 78. Kxg7
b4 0-1